000 00589nam a2200193Ia 4500
003 IN-BaIIA
008 211028s9999 xx 000 0 eng d
040 _cIIA Library
080 _a083.7:69.059.6
_bISI
110 _aIndian Standards Institution
245 0 _aIndian standard safety code for demolition of buildings
_cIndian Standards Institution
260 _aNew Delhi
_bIndian Standards Institution
_c1967
300 _a13p.
500 _aIS 4130 : 1967
650 _a Demolition Buildings-Standards
_98832
650 _a Standards 
650 _aNASA Thesaurus 
942 _cBK
999 _c4932
_d4932